000
00423nam a2200145Ia 4500
008
090122s9999 xx 000 0 und d
082
_b
5585
_a
891.4683
100
_a
भोगले
_b
प्रभाकर
245
_a
मालवणी खाजा
600
_a
भोगले
630
_a
मालवणी खाजा
700
_a
भोगले
730
_a
मालवणी खाजा
942
_c
BOOK
999
_c
29663
_d
29663